| 000 | 00622nam a22001937a 4500 | ||
|---|---|---|---|
| 001 | BD-DhSAU | ||
| 003 | BD-DhSAU | ||
| 005 | 20150522115812.0 | ||
| 008 | 150522b1986 bg a|||| |||| 00| 0 eng d | ||
| 040 | _aBD-DhSAU | ||
| 082 |
_222 _a303.484 _bSYI |
||
| 100 | _aAhmed, Syed | ||
| 245 |
_aImplementation of second five year plan and an outline of third plan of Bangladesh : _ban evaluation of the programmes and projects in the public sector / _cSyed Ahmed |
||
| 260 |
_aDhaka : _bGOVT. OF BANGLADESH, _cc1986. |
||
| 300 |
_axiii, 282 p. : _bill. ; _c25 cm. |
||
| 590 | _aJerin | ||
| 650 | _aEconomics | ||
| 942 |
_2ddc _cBOOK |
||
| 999 |
_c7364 _d7364 |
||